Por tierras de Italia

Zapisane w:
Opis bibliograficzny
1. autor: Orrego Barros, Carlos (autor)
Format: Książka
Język:hiszpański
Wydane: Santiago Universitaria 1939
Hasła przedmiotowe:
Etykiety: Dodaj etykietę
Nie ma etykietki, Dołącz pierwszą etykiete!

MARC

LEADER 00000nam a2200000 a 4500
001 UCH3259
003 CL-VaPUC
008 090723e19390000CL |||||||||||||||||spa|d
082 0 4 |a 910.4  |b ORR  |2 21 
100 |a Orrego Barros, Carlos  |e autor  |9 538563 
245 1 0 |a Por tierras de Italia 
300 |a 209 p 
942 |c BK 
945 |d 20090723 00:00:00  |a rbrito 
260 |a Santiago  |b Universitaria  |c 1939 
650 0 |a Viajes y descripciones  |9 363745 
650 0 |a Viajes y expediciones   |9 408124 
651 0 |a Italia  |9 254949 
583 |a last modification  |c 20090723 00:00:00  |k Rodrigo Vera 
999 |c 334876  |d 334874 
952 |0 0  |1 0  |4 0  |6 910_400000000000000_ORR_1939  |7 0  |8 X  |9 424135  |a FDOBUD  |b FDOBUD  |d 2019-11-22  |i 4558677  |o 910.4 ORR 1939  |p 4558677  |r 2019-11-22  |w 2019-11-22  |y BK_X  |k BUD